Rubber-based industrialisation in Kerala: An assessment of missed linkages (Record no. 68199)

MARC details
000 -LEADER
fixed length control field 00521nam a2200193Ia 4500
100 ## - MAIN ENTRY--AUTHOR NAME
Personal name George K T
245 #0 - TITLE STATEMENT
Title Rubber-based industrialisation in Kerala: An assessment of missed linkages
260 ## - PUBLICATION, DISTRIBUTION, ETC. (IMPRINT)
Name of publisher Economic and Political Weekly
Year of publication 1992
300 ## - PHYSICAL DESCRIPTION
Number of Pages 47-49
500 ## - GENERAL NOTE
General note Source Year: 1992
650 ## - SUBJECT ADDED ENTRY--TOPICAL TERM
Topical Term Economic analysis
650 ## - SUBJECT ADDED ENTRY--TOPICAL TERM
Topical Term Industrial development
650 ## - SUBJECT ADDED ENTRY--TOPICAL TERM
Topical Term Processing
650 ## - SUBJECT ADDED ENTRY--TOPICAL TERM
Topical Term Rubber
700 ## - ADDED ENTRY--PERSONAL NAME
Personal name Joseph T
856 ## - ELECTRONIC LOCATION AND ACCESS
Uniform Resource Identifier ATA
942 ## - ADDED ENTRY ELEMENTS (KOHA)
Koha item type Journals
Holdings
Withdrawn status Lost status Damaged status Not for loan Home library Current library Date acquired Serial Enumeration / chronology Koha item type
      Journals RRII Library RRII Library 17/12/2021 Volume 27, Issue 02-Jan Journals